| 000 | 00352nam a22001457a 4500 | ||
|---|---|---|---|
| 003 | OSt | ||
| 008 | 250211b |||||||| |||| 00| 0 eng d | ||
| 041 | _aeng | ||
| 082 |
_a624.171 _bJUN/ ME |
||
| 100 |
_aJunarkar, SB _97122 |
||
| 245 | _aMechanics of Structures Vol.11 | ||
| 260 |
_aMumbai: _bVivek Publishing |
||
| 700 |
_aShah, HJ _97123 |
||
| 942 | _cBK | ||
| 999 |
_c19357 _d19357 |
||